000 00234nam a2200121Ia 4500
003 LDD
040 _cLDD
041 _aen
245 0 _aSouth Asian Survey
260 _c1 Jan-31 Dec,2006
362 _a13-13
_b01-Feb
942 _2ddc
_cJ
999 _c179355
_d179355